1118 1142 1520 1256 1531 1916 1958 1032 1572 1222 1384 1763 1802 1802 1459 1120 1841 1076 1395 1162 1569 1557 1746 1939 1851 1382 1963 1173 1663 1817 1264 1699 1198 1465 1108 1521 1706 1204 1666 1769 1304 1752 1295 1030 1900 1080 1783 1268 1554 1576 1361 1340 1173 1518 1688 1357 1437 1257 1033 1691 1134 1098 1550 1899 1100 1766 1571 1528 1651 1584 1331 1330 1049 1501 1876 1017 1963 1927 1483 1617 1299 1044 1489 1615 1617 1478 1139 1718 1396 1273 1411 1281 1406 1887 1033 1472 1886 1202 1088 BCNSPRNW ULIB Ver.6.0+V

เปลี่ยนเป็นภาษาไทย

Change to English
 แสดงรายละเอียดบรรณานุกรม
  กลับหน้าหลัก

Brief Record : Get Marc (ISO 2709) : E-mail record : QR code < ปิดหน้าต่าง
LEADER : 00000nam 2200000uu 4500
001    13399120770
003     ULIB
008    121016s2553||||th 000 0 tha d
020    ^a9786169007197
090    ^aนว.พ912อ 2553
100    ^aเพฑูรย์
245    ^aองครักษ์เชลยหัวใจ/^cเพฑูรย์
250    ^aพิมพ์ครั้งที่ 1
260    ^aกรุงเทพฯ :^bภัทรโญธิน,^c2553
300    ^a282 หน้า
710 1  ^aภัทรโญธิน
945    ^p0^l0^i17062
995    ^aกัณชพร
999 ^a กัณชพร
รายการนี้ยังไม่มีแท็ก
คุณยังไม่ได้ล็อกอิน คุณสามารถมีกิจกรรมร่วมกับเว็บไซต์ได้ แต่ต้องล็อกอินก่อน ::
  ล็อกอิน

รายการสื่อสารสนเทศ

ลำดับที่ ประเภท เลขเรียก/บาร์โค้ด สถานที่ สถานะ
1. นวนิยาย
นวนิยาย
นว.พ912อ 2553  
  Barcode: 17062
ห้องสมุดวิทยาเขตสวรรค์ประชารักษ์
►หนังสือทั่วไป
บนชั้น

รายการใกล้เคียง
    ผู้แต่ง [เพฑูรย์]

BibComment


ยังไม่เคยถูกคอมเมนท์

คอมเมนท์ทรัพยากรรายการนี้
  คอมเมนท์: องครักษ์เชลยหัวใ..


 Copyright 2026. Bcnsprnw @Library